[Event "1991 Armed Forces Ch"]
[Site "?"]
[Date "1991.??.??"]
[Round "5"]
[White "Moore, B."]
[Black "Crook, C."]
[Result "1-0"]
[WhiteElo "2275"]
[BlackElo "2125"]
[PlyCount "97"]
[EventDate "1991.??.??"]

1. e4 c6 2. d4 d5 3. exd5 cxd5 4. c4 Nf6 5. Nc3 Nc6 6. Nf3 e6 7. Bd3 Be7 8. a3
a5 9. O-O O-O 10. Re1 b6 11. cxd5 exd5 12. Bg5 Be6 13. Rc1 h6 14. Bf4 Bd6 15.
Bxd6 Qxd6 16. Nb5 Qd7 17. Ne5 Nxe5 18. dxe5 Ne8 19. Nd4 Rc8 20. Bb5 Qe7 21.
Rxc8 Bxc8 22. Nc6 Qg5 23. f4 Qh4 24. g3 Qh3 25. Ne7+ Kh8 26. Bf1 Qe6 27. Nxc8
Qxc8 28. Qxd5 Qg4 29. Be2 Qh3 30. Rc1 h5 31. Rc3 Qf5 32. Bd3 Qg4 33. Bb5 h4 34.
Qf3 Qxf3 35. Rxf3 Nc7 36. Bd3 hxg3 37. hxg3 b5 38. g4 Rd8 39. Kf2 b4 40. axb4
axb4 41. Ke3 Kg8 42. f5 Nd5+ 43. Ke4 Nb6 44. e6 Na4 45. Bc4 Nc5+ 46. Ke3 fxe6
47. fxe6 Re8 48. Kd4 Nb7 49. e7+ 1-0

[Event "1991 Armed Forces Ch"]
[Site "?"]
[Date "1991.??.??"]
[Round "1"]
[White "Lankey, B."]
[Black "Langreck, J."]
[Result "0-1"]
[WhiteElo "2185"]
[BlackElo "2040"]
[PlyCount "98"]
[EventDate "1991.??.??"]

1. d4 Nf6 2. Nf3 c5 3. e3 e6 4. Bd3 b6 5. Qe2 Be7 6. O-O d5 7. c3 O-O 8. Nbd2
a5 9. Ne5 Qc7 10. f4 Ba6 11. Bxa6 Nxa6 12. g4 Nd7 13. Nxd7 Qxd7 14. Nf3 Bd6 15.
g5 b5 16. Ne5 Bxe5 17. fxe5 Nc7 18. Qg4 Ne8 19. dxc5 Qc7 20. Qd4 g6 21. b4 Ng7
22. e4 Rfd8 23. Be3 dxe4 24. Qxe4 Rd5 25. Bd4 Nf5 26. a3 Rad8 27. Rad1 Qd7 28.
Rxf5 gxf5 29. Qf4 axb4 30. axb4 Ra8 31. Qf1 Ra2 32. h4 Rb2 33. Qd3 Qb7 34. Rd2
Rxd2 35. Qxd2 Rd8 36. Qg2 Qxg2+ 37. Kxg2 Kf8 38. h5 Ke8 39. Kf3 Kd7 40. Kf4 Kc6
41. Kf3 Kd5 42. Ke3 Ra8 43. Kf4 Ra1 44. g6 fxg6 45. hxg6 hxg6 46. Kg5 Rd1 47.
Kf6 f4 48. c6 Kxc6 49. Kxe6 f3 0-1

[Event "Air Force ch"]
[Site "?"]
[Date "1992.??.??"]
[Round "1"]
[White "Wilson, E."]
[Black "Garcia, M."]
[Result "1-0"]
[WhiteElo "2205"]
[BlackElo "1960"]
[PlyCount "99"]
[EventDate "1992.??.??"]

1. d4 d5 2. c4 c6 3. Nc3 Nf6 4. cxd5 cxd5 5. Bf4 e6 6. e3 Bd6 7. Bg3 Ne4 8. Bd3
Nxg3 9. hxg3 h6 10. g4 Nc6 11. Nf3 Be7 12. Rc1 a6 13. g3 Bd7 14. Kf1 b5 15. Kg2
Rc8 16. Bb1 Na5 17. b3 b4 18. Ne2 Rxc1 19. Qxc1 Bb5 20. Nf4 Bd6 21. g5 Qc7 22.
g6 Qxc1 23. Rxc1 Ke7 24. gxf7 Kxf7 25. Ne5+ Bxe5 26. Ng6 Rb8 27. Nxe5+ Kf6 28.
Ng4+ Ke7 29. Rc7+ Bd7 30. Ra7 Rb6 31. Ne5 Nb7 32. Bd3 Bb5 33. Bxb5 axb5 34. Nd3
Kf6 35. Nxb4 Nd6 36. Ra6 Rxa6 37. Nxa6 e5 38. Nc7 exd4 39. exd4 Kf5 40. Kf3 h5
41. Nxd5 g5 42. a4 g4+ 43. Ke3 bxa4 44. bxa4 Nc4+ 45. Kd3 Nb2+ 46. Kc3 Nxa4+
47. Kb3 Ke4 48. Nf6+ Kf5 49. Kxa4 Kxf6 50. Kb5 1-0

[Event "Air Force ch"]
[Site "?"]
[Date "1992.??.??"]
[Round "3"]
[White "Wall, B."]
[Black "McCalmont, J."]
[Result "0-1"]
[WhiteElo "2030"]
[BlackElo "2185"]
[PlyCount "99"]
[EventDate "1992.??.??"]

1. d4 Nf6 2. Nf3 e6 3. g3 d5 4. Bg2 c5 5. O-O Nc6 6. c3 Be7 7. Bg5 Qb6 8. Qb3
Qxb3 9. axb3 cxd4 10. Nxd4 Nxd4 11. cxd4 Bd7 12. Rc1 Bc6 13. Nc3 a6 14. Na4 h6
15. Bf4 Nd7 16. Bc7 Bb4 17. e3 Rc8 18. Bb6 Ke7 19. Bc5+ Nxc5 20. Nxc5 Kd6 21.
Nd3 a5 22. Bf1 f6 23. Be2 Ra8 24. Kf1 Kd7 25. Bg4 h5 26. Be2 Bd6 27. h4 b6 28.
Rc2 g5 29. Rac1 Rac8 30. Ne1 Bb7 31. Rxc8 Bxc8 32. Bb5+ Kd8 33. Rc6 Bc7 34. Rc2
Bd7 35. Bd3 Bd6 36. Nf3 g4 37. Nd2 Ke7 38. Nb1 Rg8 39. Na3 f5 40. Nb5 Bb8 41.
Ke2 Rc8 42. Nc3 Bd6 43. Bxf5 exf5 44. Nxd5+ Ke6 45. Rxc8 Bxc8 46. Nxb6 Ba6+ 47.
Kd1 Bb4 48. Nc4 Kd5 49. Ne5 Ke4 50. Nc6 0-1

[Event "1990 Armed Forces ch"]
[Site "?"]
[Date "1990.??.??"]
[Round "1"]
[White "Regensberg, W."]
[Black "MacArthur, J."]
[Result "0-1"]
[WhiteElo "2120"]
[BlackElo "2175"]
[PlyCount "99"]
[EventDate "1990.??.??"]

1. d4 Nf6 2. c4 g6 3. Nc3 Bg7 4. e4 d6 5. f3 O-O 6. Be3 b6 7. Nge2 c5 8. Qd2
Nc6 9. dxc5 bxc5 10. Rd1 Qa5 11. Nc1 Ne8 12. Be2 e5 13. O-O Nd4 14. Bd3 Qd8 15.
N1e2 f5 16. exf5 gxf5 17. Bg5 Bf6 18. Bxf6 Nxf6 19. Qg5+ Kh8 20. Ng3 Rg8 21.
Qh4 Rb8 22. Rd2 Rb7 23. Nce2 f4 24. Nxd4 cxd4 25. Nf5 Bxf5 26. Bxf5 Rbg7 27.
Be6 Re8 28. Bh3 Reg8 29. Be6 Rf8 30. b4 Qe7 31. Bh3 Rfg8 32. Re1 Qf7 33. c5 Rg5
34. Kh1 dxc5 35. bxc5 Qc4 36. Qf2 Qxc5 37. Rc2 Qd6 38. Rec1 Rb8 39. Qd2 Nd5 40.
Rc6 Qa3 41. Be6 Nc3 42. h3 Rb2 43. Rc2 Rb1+ 44. Kh2 Rd1 45. Qf2 Qe7 46. Rc8+
Kg7 47. Bb3 h6 48. R2xc3 dxc3 49. Bxd1 Qd7 50. Ra8 0-1

[Event "1990 Armed Forces ch"]
[Site "?"]
[Date "1990.??.??"]
[Round "4"]
[White "MacArthur, J."]
[Black "Beszczynski, T."]
[Result "1-0"]
[WhiteElo "2175"]
[BlackElo "1910"]
[PlyCount "99"]
[EventDate "1990.??.??"]

1. d4 Nf6 2. c4 c5 3. d5 e5 4. Nc3 d6 5. e4 Be7 6. h3 Nbd7 7. Nf3 O-O 8. g4 Ne8
9. g5 g6 10. Ne2 f6 11. gxf6 Ndxf6 12. Ng3 Ng7 13. Bh6 a6 14. Nh2 b5 15. h4 Bd7
16. h5 Be8 17. Rg1 Ra7 18. Bh3 Kh8 19. hxg6 Bxg6 20. Nf5 Nfh5 21. Bg4 Rg8 22.
a4 bxc4 23. Ra3 Bf6 24. Rh3 Nf4 25. Bxf4 exf4 26. Nh6 Re8 27. f3 Rb7 28. Be6
Nxe6 29. Rxg6 Bh4+ 30. Kf1 hxg6 31. dxe6 Kg7 32. Qd2 Qf6 33. e5 Qxe5 34. Rxh4
Rxb2 35. Qd1 Reb8 36. Nf7 Qxe6 37. Rh7+ Kf8 38. Ng5 Rb1 39. Nxe6+ Kg8 40. Rg7+
Kh8 41. Qxb1 Rxb1+ 42. Kg2 Rb2+ 43. Kh3 Re2 44. Rxg6 Kh7 45. Nxf4 c3 46. Rxd6
Rd2 47. Rc6 Rd4 48. Rc7+ Kg8 49. Ne6 Rc4 50. Ng4 {Awarded "Most Interesting
Game" for tournament.} 1-0

[Event "Air Force ch"]
[Site "?"]
[Date "1988.??.??"]
[Round "8"]
[White "Hood, A."]
[Black "Barcarola, L."]
[Result "1/2-1/2"]
[WhiteElo "2065"]
[BlackElo "2155"]
[PlyCount "100"]
[EventDate "1988.??.??"]

1. e4 c5 2. Nf3 d6 3. Nc3 g6 4. d4 cxd4 5. Nxd4 Bg7 6. Be3 Nf6 7. f3 O-O 8. Qd2
Nc6 9. O-O-O Nxd4 10. Bxd4 Be6 11. Kb1 Qa5 $2 12. Nd5 Qxd2 13. Nxe7+ Kh8 14.
Rxd2 Rfe8 15. Bxf6 Bxf6 16. Nd5 Bxd5 17. Rxd5 Be5 18. Bd3 Re6 19. g3 g5 20. Rf1
Rf6 21. a4 Rc8 22. Rb5 b6 23. a5 Rc5 24. a6 h5 25. c3 h4 26. gxh4 gxh4 27. h3
Bf4 28. Rxc5 dxc5 29. Bc4 Kg7 30. Rd1 Rd6 31. Rxd6 Bxd6 32. Kc2 f6 33. Be6 Kf8
34. c4 Ke7 35. Bg4 Be5 36. Kb3 Kd6 37. Ka3 Kc6 38. b4 cxb4+ 39. Kxb4 Bd6+ 40.
Kc3 Kc5 41. Bd7 Bf4 42. Kd3 Bc1 43. Bb5 Bf4 44. Be8 Bc1 45. Bd7 Bf4 46. Bb5 Bc1
47. e5 fxe5 48. Ke4 Bf4 49. Kf5 Kd6 50. Kf6 Kc7 1/2-1/2

[Event "1990 Armed Forces ch"]
[Site "?"]
[Date "1990.??.??"]
[Round "6"]
[White "Rivera, N."]
[Black "Highley, E."]
[Result "1/2-1/2"]
[WhiteElo "2145"]
[BlackElo "1755"]
[PlyCount "102"]
[EventDate "1990.??.??"]

1. b3 d5 2. Bb2 c5 3. e3 Nc6 4. Nf3 Nf6 5. d4 g6 6. Nbd2 Bg7 7. Bd3 O-O 8. O-O
b6 9. a4 Qc7 10. h3 Bb7 11. c3 e5 12. dxe5 Nxe5 13. Nxe5 Qxe5 14. Nf3 Qe7 15.
Qc2 Rfe8 16. a5 Ne4 17. Bxe4 Qxe4 18. Qxe4 dxe4 19. Nh2 Bd5 20. Ra3 b5 21. Rb1
b4 22. cxb4 cxb4 23. Ra4 Rab8 24. Bxg7 Kxg7 25. Nf1 Bc6 26. Ra2 Bb5 27. Rd1
Red8 28. Rad2 Rxd2 29. Rxd2 Rc8 30. Ng3 Bd3 31. f3 f5 32. fxe4 fxe4 33. Kf2 Rc3
34. Rb2 Rc1 35. Ne2 Ra1 36. Nd4 Rxa5 37. Nc6 Rf5+ 38. Kg3 a5 39. Ra2 Bb1 40.
Rxa5 Rxa5 41. Nxa5 Bc2 42. Kf4 Kf6 43. h4 h6 44. Nc6 g5+ 45. hxg5+ hxg5+ 46.
Kg3 Bxb3 47. Nxb4 Be6 48. Nc2 Bd7 49. Nd4 Kg6 50. Nb3 Kf5 51. Kf2 Ba4 1/2-1/2

[Event "1990 Armed Forces ch"]
[Site "?"]
[Date "1990.??.??"]
[Round "2"]
[White "Rivera, N."]
[Black "Beszczynski, T."]
[Result "0-1"]
[WhiteElo "2145"]
[BlackElo "1910"]
[PlyCount "101"]
[EventDate "1990.??.??"]

1. d4 Nf6 2. c4 g6 3. Nc3 d5 4. e3 Bg7 5. Nf3 O-O 6. h3 b6 7. cxd5 Nxd5 8. Bd3
Bb7 9. O-O Nd7 10. e4 Nxc3 11. bxc3 c5 12. Bb2 cxd4 13. cxd4 Rc8 14. Qe2 Qc7
15. Rac1 Qd6 16. e5 Qb4 17. Ng5 e6 18. Be4 Bxe4 19. Nxe4 b5 20. Nd6 Rxc1 21.
Rxc1 a6 22. Rc6 Qa4 23. a3 Qa5 24. Qf3 Qd2 25. Qc3 Qxc3 26. Bxc3 Ra8 27. Rc7
Nb6 28. Ba5 Rb8 29. Bxb6 Rxb6 30. Nxf7 a5 31. Nd6 b4 32. Nc4 b3 33. Nb2 Bf8 34.
d5 exd5 35. e6 Rxe6 36. Rb7 Re1+ 37. Kh2 Bd6+ 38. g3 Re2 39. Rxb3 Rxf2+ 40. Kg1
Bxg3 41. Na4 Rf4 42. Nc3 Rf3 43. Kg2 Rd3 44. Rb5 Rxc3 45. Rxa5 Rd3 46. Ra7 Bd6
47. a4 Bc5 48. Rc7 Rg3+ 49. Kf1 Rc3 50. Rd7 d4 51. Ke2 0-1

[Event "1990 Armed Forces ch"]
[Site "?"]
[Date "1990.??.??"]
[Round "6"]
[White "MacArthur, J."]
[Black "Langreck, J."]
[Result "1/2-1/2"]
[WhiteElo "2175"]
[BlackElo "1930"]
[PlyCount "101"]
[EventDate "1990.??.??"]

1. f4 d5 2. Nf3 Nf6 3. e3 e6 4. b3 Bd6 5. Bb2 O-O 6. Be2 Qe7 7. O-O Nfd7 8. Ne5
f6 9. Nxd7 Nxd7 10. c4 c6 11. Nc3 Ba3 12. Bxa3 Qxa3 13. f5 dxc4 14. Bxc4 Ne5
15. Bxe6+ Bxe6 16. fxe6 Qe7 17. d4 Ng6 18. Qg4 Rae8 19. d5 cxd5 20. Nxd5 Qxe6
21. Qc4 Kh8 22. Rad1 Ne7 23. e4 Nxd5 24. exd5 Qb6+ 25. Kh1 Qd6 26. h3 Re5 27.
Rfe1 Rd8 28. Qb5 b6 29. Qc6 h6 30. Qc4 Rxd5 31. Rxd5 Qxd5 32. Re8+ Kh7 33. Qc2+
Qd3 34. Qxd3+ Rxd3 35. Re7 a5 36. Re6 b5 37. Ra6 a4 38. bxa4 bxa4 39. Rxa4 Rd1+
40. Kh2 Ra1 41. Ra7 Kg6 42. Kg3 Kh5 43. a4 Kg6 44. Kg4 Ra2 45. g3 Ra3 46. h4
h5+ 47. Kf4 Ra2 48. Ra8 Ra3 49. a5 Ra4+ 50. Kf3 Kf5 51. Ra7 1/2-1/2

[Event "1991 Armed Forces Ch"]
[Site "?"]
[Date "1991.??.??"]
[Round "10"]
[White "Hughes, A."]
[Black "Rea, A."]
[Result "1/2-1/2"]
[WhiteElo "2085"]
[BlackElo "2150"]
[PlyCount "101"]
[EventDate "1991.??.??"]

1. e4 e6 2. d4 d5 3. Nc3 Bb4 4. e5 Bd7 5. Qg4 Ne7 6. Qxg7 Rg8 7. Qxh7 c5 8. Nf3
cxd4 9. Nxd4 Qc7 10. Qd3 Qxe5+ 11. Be3 Na6 12. f4 Qh5 13. Ndb5 Nf5 14. a3 Bxc3+
15. Nxc3 Qh4+ 16. g3 Rxg3 17. hxg3 Qxh1 18. Bf2 Qh2 19. Qf3 Nc7 20. O-O-O Bc6
21. Bd3 Qh8 22. Bxf5 exf5 23. Re1+ Kd7 24. Qd3 Qh3 25. Re5 f6 26. Qxf5+ Qxf5
27. Rxf5 Ne8 28. Rh5 Ke6 29. Ne2 a6 30. Nd4+ Kf7 31. g4 Ng7 32. Rh6 Bd7 33. f5
Rg8 34. Rh7 Re8 35. Rh2 Re4 36. Rg2 Ne8 37. Kd2 Nd6 38. b3 Nb5 39. Nxb5 Bxb5
40. a4 Bf1 41. Rh2 Kg7 42. c3 Rxg4 43. Rh1 Bg2 44. Rg1 Bf3 45. Ke3 Rxg1 46.
Bxg1 Bd1 47. a5 Bxb3 48. Kf4 Kf7 49. Bc5 Ba4 50. Bb6 Bd7 51. Bd4 1/2-1/2

[Event "1990 Armed Forces ch"]
[Site "?"]
[Date "1990.??.??"]
[Round "1"]
[White "Highley, E."]
[Black "Thrasher, C."]
[Result "0-1"]
[WhiteElo "1750"]
[BlackElo "2015"]
[PlyCount "101"]
[EventDate "1990.??.??"]

1. e4 b6 2. Nc3 Bb7 3. f4 e6 4. Nf3 c5 5. Be2 Nf6 6. d3 Be7 7. O-O O-O 8. Kh1
d6 9. Be3 d5 10. e5 Ng4 11. Bg1 d4 12. Ne4 Nh6 13. Nfd2 f6 14. exf6 Bxf6 15.
Bf3 Nc6 16. Nxf6+ Qxf6 17. Be4 Rab8 18. Qf3 Nd8 19. Nc4 Nhf7 20. a4 Bxe4 21.
Qxe4 Nb7 22. Rae1 Rfe8 23. Rf3 Nfd6 24. Nxd6 Nxd6 25. Qe5 Qxe5 26. Rxe5 Nf7 27.
Re4 e5 28. Rf1 exf4 29. Rexf4 Ne5 30. Re4 Nc6 31. Rfe1 Rxe4 32. Rxe4 Rf8 33. g3
Rf1 34. Kg2 Rc1 35. c3 dxc3 36. bxc3 Rxc3 37. d4 cxd4 38. Re6 Kf7 39. Rd6 Ke7
40. Rd5 Ke6 41. Rb5 Rc4 42. Rb1 Rxa4 43. Rc1 Kd5 44. Bf2 Ra2 45. Kf1 Ne5 46.
Rd1 d3 47. h3 Kc4 48. g4 Rc2 49. Be3 g6 50. Bf4 Nc6 51. Bd2 0-1

[Event "1990 Armed Forces ch"]
[Site "?"]
[Date "1990.??.??"]
[Round "8"]
[White "Highley, E."]
[Black "MacArthur, J."]
[Result "1/2-1/2"]
[WhiteElo "1755"]
[BlackElo "2175"]
[PlyCount "102"]
[EventDate "1990.??.??"]

1. e4 c6 2. d4 d5 3. Nc3 dxe4 4. Nxe4 Bf5 5. Ng3 Bg6 6. Nf3 Nd7 7. h4 h6 8. h5
Bh7 9. Bd3 Bxd3 10. Qxd3 Qc7 11. Bd2 e6 12. O-O-O Ngf6 13. Ne4 O-O-O 14. g3 Nc5
15. Nxc5 Bxc5 16. c3 Bd6 17. Qe2 c5 18. dxc5 Bxc5 19. Ne5 Nd5 20. Kb1 Rhe8 21.
Nd3 Bf8 22. c4 Nf6 23. f4 Kb8 24. Ne5 Rd6 25. Bc3 Red8 26. Rxd6 Bxd6 27. Rd1
Ka8 28. b3 a6 29. Bb2 Ne8 30. Qe4 Nf6 31. Qe2 Ne8 32. Qe4 Qe7 33. Nf3 Bc5 34.
Rxd8+ Qxd8 35. Qe2 Nd6 36. Qd3 Qe7 37. Ne5 f6 38. Nf3 Nf5 39. Nd2 Qd6 40. Qxd6
Nxd6 41. g4 Be3 42. Ba3 Bxf4 43. Nf3 Kb8 44. Nd4 Ne4 45. Nxe6 Be5 46. Nxg7 Nf2
47. Nf5 Nxg4 48. Bf8 Bf4 49. Kc2 Kc8 50. Be7 Kd7 51. Bc5 Ke6 1/2-1/2

[Event "1991 Armed Forces Ch"]
[Site "?"]
[Date "1991.??.??"]
[Round "6"]
[White "Waldowski, P."]
[Black "Regensberg, W."]
[Result "0-1"]
[WhiteElo "2180"]
[BlackElo "2170"]
[PlyCount "104"]
[EventDate "1991.??.??"]

1. d4 e6 2. Nf3 d5 3. c4 Nf6 4. Bg5 Be7 5. e3 O-O 6. Nc3 h6 7. Bxf6 Bxf6 8. Rc1
Nc6 9. Be2 g6 10. O-O Bg7 11. Qd2 Kh7 12. Rfd1 f5 13. Na4 Ne7 14. Nc5 c6 15. b4
Ng8 16. b5 Nf6 17. cxd5 exd5 18. bxc6 bxc6 19. Ne5 Qd6 20. f3 Nd7 21. Nexd7
Bxd7 22. Rc3 Be8 23. Ba6 Bf7 24. Rdc1 Rae8 25. a4 Re7 26. g3 g5 27. Bd3 Bg6 28.
a5 Rfe8 29. Bf1 f4 30. gxf4 gxf4 31. exf4 Rf8 32. Nb3 Qxf4 33. Qf2 Rb7 34. Qg3
Qxg3+ 35. hxg3 Rfb8 36. Rxc6 Rxb3 37. Rc7 Rb1 38. Rxb1 Rxb1 39. Kg2 Rb2+ 40.
Kg1 Kg8 41. Bg2 Bxd4+ 42. Kh2 Be3 43. Re7 d4 44. Rxa7 d3 45. Ra8+ Kf7 46. Rd8
Ra2 47. a6 Rxa6 48. Bf1 Ke7 49. Rd5 Rd6 50. Re5+ Re6 51. Rd5 d2 52. f4 Be4 0-1

[Event "Air Force ch"]
[Site "?"]
[Date "1991.??.??"]
[Round "6"]
[White "Viray, P."]
[Black "Moore, B."]
[Result "1/2-1/2"]
[WhiteElo "1830"]
[BlackElo "2270"]
[PlyCount "103"]
[EventDate "1991.??.??"]

1. e4 c5 2. Nf3 d6 3. c3 Nf6 4. Be2 Bd7 5. d3 Nc6 6. O-O g6 7. b3 Bg7 8. Bb2
O-O 9. Nbd2 b5 10. d4 Qb6 11. d5 Na5 12. Rb1 e6 13. c4 exd5 14. cxd5 Rfe8 15.
Bd3 Bg4 16. h3 Bxf3 17. Qxf3 Nd7 18. Qe2 a6 19. Kh1 Bxb2 20. Rxb2 Ne5 21. Bb1
c4 22. bxc4 Qd4 23. Nb3 Nxb3 24. axb3 bxc4 25. bxc4 Qxc4 26. f4 Qxe2 27. Rxe2
Nd7 28. Rfe1 Rab8 29. g3 Rb4 30. Kg2 f6 31. Rc2 Nc5 32. Rce2 a5 33. h4 a4 34.
Re3 Reb8 35. Ba2 Rb2+ 36. R1e2 Rxe2+ 37. Rxe2 Nxe4 38. Rxe4 Rb2+ 39. Kf3 Rxa2
40. Re6 f5 41. Rxd6 Ra3+ 42. Kf2 Rd3 43. Rd7 a3 44. Ra7 Kf8 45. d6 Ke8 46. Rxh7
Rxd6 47. Ra7 Rd3 48. Kg2 Rd2+ 49. Kf3 a2 50. Ke3 Rg2 51. Kf3 Rb2 52. Ke3
1/2-1/2

[Event "1990 Armed Forces ch"]
[Site "?"]
[Date "1990.??.??"]
[Round "2"]
[White "Thrasher, C."]
[Black "Crook, C."]
[Result "0-1"]
[WhiteElo "2015"]
[BlackElo "1980"]
[PlyCount "104"]
[EventDate "1990.??.??"]

1. b4 f5 2. Bb2 Nf6 3. e3 e6 4. b5 a6 5. a4 g6 6. Nf3 Bg7 7. Be2 O-O 8. c4 d6
9. O-O Nbd7 10. d4 Qe8 11. Nc3 e5 12. dxe5 Nxe5 13. Nd5 Nxd5 14. Nxe5 Nxe3 15.
fxe3 Bxe5 16. Qd5+ Qe6 17. Qxe6+ Bxe6 18. Bxe5 dxe5 19. c5 Rfd8 20. bxa6 bxa6
21. Rfd1 Rxd1+ 22. Rxd1 a5 23. Bb5 Kf8 24. Bc6 Rb8 25. e4 Ke7 26. exf5 gxf5 27.
Re1 Kf6 28. Rd1 Rb4 29. Rd8 Rc4 30. Rf8+ Ke7 31. Re8+ Kf7 32. Rh8 Rxc5 33.
Rxh7+ Kg6 34. Rxc7 Kf6 35. Ra7 Rxc6 36. Rxa5 f4 37. h4 Bg4 38. Ra8 Rc1+ 39. Kf2
e4 40. Rf8+ Ke5 41. Re8+ Be6 42. h5 e3+ 43. Ke2 Rc2+ 44. Kf1 Kf6 45. Rf8+ Kg5
46. h6 Bc4+ 47. Kg1 Kxh6 48. Rxf4 Rc1+ 49. Kh2 e2 50. Re4 e1=Q 51. Rxe1 Rxe1
52. a5 Ra1 0-1

[Event "1991 Armed Forces Ch"]
[Site "?"]
[Date "1991.??.??"]
[Round "4"]
[White "Regensberg, W."]
[Black "Barcarola, L."]
[Result "0-1"]
[WhiteElo "2170"]
[BlackElo "2160"]
[PlyCount "103"]
[EventDate "1991.??.??"]

1. d4 Nf6 2. c4 e6 3. Nc3 d5 4. Bg5 Be7 5. e3 Nbd7 6. Nf3 h6 7. Bh4 O-O 8. Qc2
c6 9. Rd1 Re8 10. a3 Nf8 11. Ne5 N6d7 12. Bxe7 Qxe7 13. Nxd7 Bxd7 14. Be2 Rad8
15. O-O Nh7 16. e4 dxe4 17. Qxe4 Bc8 18. Rfe1 Nf6 19. Qf4 Qd6 20. Qe5 b6 21.
Bf3 Bb7 22. Ne4 Nxe4 23. Bxe4 Re7 24. Qh5 Qf4 25. Bc2 Red7 26. Re4 Qf6 27. Qg4
g6 28. h4 h5 29. Qg3 c5 30. Rf4 Qg7 31. d5 exd5 32. cxd5 Rxd5 33. Rxd5 Bxd5 34.
Qg5 Rd7 35. Rf6 Kh7 36. g4 Re7 37. Qxh5+ Kg8 38. Qg5 Re1+ 39. Kh2 Rh1+ 40. Kg3
Rg1+ 41. Kh3 Rh1+ 42. Kg3 Rg1+ 43. Kf4 Rg2 44. Ke3 Rxg4 45. Qxg4 Qxf6 46. h5
Qe5+ 47. Kd2 Qxh5 48. Qc8+ Kg7 49. Qc7 Qg5+ 50. f4 Qf6 51. Kc1 Qd4 52. Bd1 0-1

[Event "1990 Armed Forces ch"]
[Site "?"]
[Date "1990.??.??"]
[Round "3"]
[White "Regensberg, W."]
[Black "Balares, J."]
[Result "1-0"]
[WhiteElo "2125"]
[BlackElo "2155"]
[PlyCount "103"]
[EventDate "1990.??.??"]

1. d4 Nf6 2. c4 g6 3. Nc3 Bg7 4. e4 d6 5. f3 O-O 6. Be3 Nc6 7. Nge2 a6 8. Rb1
b5 9. cxb5 axb5 10. b4 Rb8 11. Qd2 e5 12. d5 Ne7 13. Nc1 Bd7 14. Be2 Nh5 15.
O-O f5 16. Nb3 f4 17. Ba7 Rb7 18. Bf2 g5 19. Na5 Rb8 20. Rfc1 Nf6 21. Rb3 Qe8
22. Nd1 Rc8 23. Rbc3 g4 24. Rxc7 gxf3 25. Rxc8 Nxc8 26. Bxf3 Qg6 27. Nc3 Ne7
28. Nc6 Bxc6 29. dxc6 d5 30. Bc5 Nxc6 31. Nxd5 Rd8 32. Ne7+ Kf7 33. Qxd8 Nxd8
34. Nxg6 hxg6 35. a4 bxa4 36. Ra1 Bf8 37. Bxf8 Kxf8 38. Rxa4 Ke7 39. Ra7+ Kf8
40. b5 Ne8 41. Rd7 Ne6 42. Rd5 Ke7 43. Rxe5 Kd6 44. Rd5+ Kc7 45. Bg4 Nf8 46. e5
g5 47. Kf2 Ng7 48. e6 Nfxe6 49. Bxe6 Nxe6 50. Re5 Kd6 51. Rxe6+ Kxe6 52. Kf3
1-0

[Event "1991 Armed Forces Ch"]
[Site "?"]
[Date "1991.??.??"]
[Round "5"]
[White "McCalmont, J."]
[Black "McQueen, R."]
[Result "1-0"]
[WhiteElo "2140"]
[BlackElo "1875"]
[PlyCount "103"]
[EventDate "1991.??.??"]

1. e4 e5 2. Nf3 Nc6 3. Bb5 a6 4. Bxc6 dxc6 5. d4 exd4 6. Qxd4 Qxd4 7. Nxd4 Bd7
8. Be3 Nf6 9. f3 O-O-O 10. Nd2 Kb8 11. O-O-O c5 12. Ne2 Be7 13. Nb1 Bc6 14.
Nbc3 Rd7 15. Rxd7 Nxd7 16. Rd1 Re8 17. Nd5 Bd8 18. Nec3 b6 19. Bf4 f6 20. Ne3
g6 21. Ncd5 Kc8 22. Nc4 Re6 23. Bg3 Ne5 24. Nxe5 fxe5 25. c3 Bg5+ 26. Kc2 Re8
27. c4 Bxd5 28. Rxd5 Bf6 29. b3 Re7 30. Kd3 Re8 31. f4 exf4 32. Bxf4 Bd4 33. h4
Bf6 34. h5 Re6 35. hxg6 hxg6 36. e5 Be7 37. Ke4 Rc6 38. Rd3 g5 39. Bc1 Rg6 40.
Kf5 Rg7 41. e6 Rg8 42. Rd7 Re8 43. Rxe7 Rxe7 44. Bxg5 Rh7 45. g4 Rh2 46. Bf6
Rxa2 47. g5 Rf2+ 48. Kg6 Rf3 49. Kf7 Rxb3 50. g6 b5 51. g7 Rg3 52. e7 1-0

[Event "Air Force ch"]
[Site "?"]
[Date "1987.??.??"]
[Round "7"]
[White "Dean, M."]
[Black "McCalmont, J."]
[Result "1-0"]
[WhiteElo "2155"]
[BlackElo "2155"]
[PlyCount "103"]
[EventDate "1987.??.??"]

1. d4 Nf6 2. Nf3 d5 3. g3 c6 4. Bg2 Nbd7 5. O-O Ne4 6. c4 Ndf6 7. cxd5 cxd5 8.
Ne5 e6 9. Bf4 Be7 10. Nc3 O-O 11. Rc1 Nxc3 12. Rxc3 Ne4 13. Rc2 f6 14. Nd3 Bd7
15. f3 Nd6 16. e4 Nc4 17. b3 Na3 18. Rc1 Bb5 19. Re1 dxe4 20. Rxe4 e5 21. Be3
Bc6 22. Rxc6 bxc6 23. Qc1 Nb5 24. Qc4+ Qd5 25. dxe5 f5 26. Nf4 Qf7 27. Qxf7+
Kxf7 28. Rc4 g5 29. Nd3 Rfd8 30. Bf1 Rac8 31. a4 Nc7 32. Rxc6 Nd5 33. Rxc8 Rxc8
34. Bxa7 Rc3 35. Ne1 Ne3 36. Bxe3 Rxe3 37. Bc4+ Ke8 38. Nd3 Rxf3 39. Kg2 Rxd3
40. Bxd3 f4 41. gxf4 gxf4 42. Bxh7 Bb4 43. Kf3 Bd2 44. h4 Kf7 45. Bf5 Kg7 46.
h5 Kh6 47. e6 Bb4 48. Bg6 Kg5 49. Bf7 Bd6 50. a5 Kf6 51. a6 Bb8 52. h6 1-0

[Event "1990 Armed Forces ch"]
[Site "?"]
[Date "1990.??.??"]
[Round "5"]
[White "Crook, C."]
[Black "Balares, J."]
[Result "1-0"]
[WhiteElo "1980"]
[BlackElo "2155"]
[PlyCount "103"]
[EventDate "1990.??.??"]

1. f4 d5 2. Nf3 Nf6 3. g3 Bg4 4. Bg2 Bxf3 5. Bxf3 Nbd7 6. d3 e5 7. Nc3 c6 8.
fxe5 Nxe5 9. Bg5 Bd6 10. d4 Nc4 11. O-O Qc7 12. Bxf6 gxf6 13. Qd3 O-O-O 14. b3
Nb6 15. a4 Rdg8 16. a5 Nd7 17. a6 b6 18. Bg2 h5 19. e4 Bxg3 20. hxg3 Rxg3 21.
Rf3 Rhg8 22. Rxg3 Rxg3 23. Qd2 h4 24. Kf2 h3 25. Bf3 Rg6 26. Rh1 Qg3+ 27. Ke2
Rg8 28. Qe1 Qd6 29. Qh4 Re8 30. Bg4 dxe4 31. Bxd7+ Qxd7 32. Qxh3 f5 33. Rf1
Qxd4 34. Qxf5+ Qd7 35. Qxd7+ Kxd7 36. Rxf7+ Kd6 37. Rxa7 b5 38. Rb7 b4 39. Na4
Ra8 40. a7 c5 41. Ke3 Kc6 42. Re7 Kb5 43. Rc7 Ka6 44. Kxe4 Re8+ 45. Kd5 Rd8+
46. Kc6 Rh8 47. Nxc5+ Ka5 48. Nd3 Rh6+ 49. Kb7 Rb6+ 50. Kc8 Ra6 51. Kb8 Kb6 52.
Rb7+ 1-0

[Event "Air Force ch"]
[Site "?"]
[Date "1991.??.??"]
[Round "3"]
[White "Wall, B."]
[Black "Waldowski, P."]
[Result "1/2-1/2"]
[WhiteElo "2065"]
[BlackElo "2180"]
[PlyCount "106"]
[EventDate "1991.??.??"]

1. c4 e6 2. g3 Nf6 3. Bg2 d5 4. cxd5 exd5 5. Nf3 Bd6 6. O-O O-O 7. d4 Re8 8.
Nc3 c6 9. Bg5 h6 10. Bd2 Bf5 11. Nh4 Bh7 12. Qb3 Qd7 13. Rac1 Na6 14. a3 Rad8
15. Rfe1 Ne4 16. Nxe4 dxe4 17. Bf1 Be7 18. Ng2 Bf6 19. e3 Nb8 20. Nf4 g5 21.
Ne2 Bf5 22. Bg2 Bg7 23. Nc3 h5 24. Qc2 Qe6 25. Qd1 Qg6 26. Qa4 a6 27. Qb3 Bc8
28. Na4 Nd7 29. Ba5 b6 30. Bxb6 Nxb6 31. Qxb6 Rd6 32. Nc5 f5 33. Qb3+ Kh8 34.
Qc2 h4 35. Qe2 f4 36. Bxe4 Rxe4 37. Nxe4 Qxe4 38. exf4 Qxe2 39. Rxe2 Bh3 40.
fxg5 hxg3 41. hxg3 Bxd4 42. Re4 Bf5 43. Rxd4 Rxd4 44. Rxc6 Rd1+ 45. Kh2 Be4 46.
Rh6+ Kg7 47. g4 Rd2 48. Kg3 Rxb2 49. Rxa6 Rb3+ 50. Kf4 Bb7 51. Rd6 Rf3+ 52. Ke5
Rxf2 53. Rd7+ Rf7 1/2-1/2

[Event "Air Force ch"]
[Site "?"]
[Date "1989.??.??"]
[Round "9"]
[White "Hood, A."]
[Black "Moore, B."]
[Result "0-1"]
[WhiteElo "2110"]
[BlackElo "2265"]
[PlyCount "106"]
[EventDate "1989.??.??"]

1. e4 c5 2. Nf3 d6 3. Nc3 Nf6 4. d4 cxd4 5. Nxd4 a6 6. Bg5 e6 7. Qd2 Be7 8.
O-O-O Nbd7 9. f4 Qc7 10. g4 b5 11. Bxb5 axb5 12. Ndxb5 Qb8 13. Nxd6+ Bxd6 14.
Qxd6 Qxd6 15. Rxd6 Nxg4 16. Nb5 Rxa2 17. Kb1 Ra5 18. Rc6 O-O 19. Nd6 Ba6 20.
Rg1 Be2 21. b4 Rb8 22. Rg2 h6 23. Be7 Bf3 24. Rg3 Rxb4+ 25. Kc1 Ra1+ 26. Kd2
Rd4+ 27. Kc3 Rda4 28. Rc8+ Kh7 29. Nxf7 g6 30. h3 Ngf6 31. Rxf3 R1a3+ 32. Bxa3
Rxa3+ 33. Kb4 Rxf3 34. Nd6 Rxf4 35. c4 g5 36. Kb5 Kg6 37. c5 Nxc5 38. Kxc5
Nxe4+ 39. Nxe4 Rxe4 40. Kd6 Re3 41. Rf8 Rxh3 42. Kxe6 Re3+ 43. Kd5 Kh5 44. Kd4
Re7 45. Rh8 g4 46. Kd3 g3 47. Ra8 Kh4 48. Ra4+ Kh3 49. Ra5 Kg4 50. Ra4+ Kf3 51.
Rh4 Rd7+ 52. Kc2 g2 53. Rxh6 g1=Q 0-1